[Event "CZE-chT2D 2223"]
[Site "Czech Republic"]
[Date "2022.12.18"]
[Round "5.2"]
[White "Cvetkovic, Dalibor"]
[Black "Horak, Jan"]
[Result "1/2-1/2"]
[WhiteElo "2146"]
[BlackElo "2138"]
[PlyCount "84"]
[EventDate "2022.10.16"]
[EventType "team-tourn"]
[EventRounds "11"]
[EventCountry "CZE"]
[SourceTitle "EXT 2024"]
[Source "ChessBase"]
[SourceDate "2023.10.10"]
[SourceVersion "1"]
[SourceVersionDate "2023.10.10"]
[SourceQuality "1"]
[WhiteTeam "Jihlava Gambit"]
[BlackTeam "Rychnov nad Kneznou Panda"]
[WhiteTeamCountry "CZE"]
[BlackTeamCountry "CZE"]

1. c4 e5 2. Nc3 Nf6 3. Nf3 Nc6 4. e3 Be7 5. Be2 0-0 6. 0-0 d6 7. d4 Bf5 8. b3 h6 9. Bb2 exd4 10. Nxd4 Nxd4 11. Qxd4 c6 12. Qf4 Bg6 13. Rfd1 Qa5 14. Rac1 Rad8 15. Bf3 Qe5 16. Qd4 Qxd4 17. Rxd4 Ne8 18. Rcd1 f5 19. Ne2 Bf6 20. R4d2 Bxb2 21. Rxb2 Rf6 22. Rbd2 Rb8 23. h4 Bf7 24. h5 Kf8 25. Nf4 Ke7 26. g3 Nc7 27. e4 fxe4 28. Bxe4 Rd8 29. Bg6 Kf8 30. Re1 Re8 31. Rde2 a5 32. Kg2 Rxe2 33. Rxe2 Ne6 34. Nxe6+ Rxe6 35. Rxe6 Bxe6 36. Be4 Bg4 37. Bf3 Bf5 38. Bd1 Bb1 39. a3 Ba2 40. a4 Bb1 41. Kf3 Ke7 42. Ke3 Kf6 1/2-1/2

[Event "CZE-chT2E 2122"]
[Site "Czech Republic"]
[Date "2021.11.21"]
[Round "3.3"]
[White "Cvetkovic, Dalibor"]
[Black "Hladky, Tadeas"]
[Result "1-0"]
[WhiteElo "2158"]
[BlackElo "2039"]
[PlyCount "59"]
[EventDate "2021.10.17"]
[EventType "team-tourn"]
[EventRounds "11"]
[EventCountry "CZE"]
[SourceTitle "EXT 2024"]
[Source "ChessBase"]
[SourceDate "2023.10.10"]
[SourceVersion "1"]
[SourceVersionDate "2023.10.10"]
[SourceQuality "1"]
[WhiteTeam "Jihlava Gambit"]
[BlackTeam "Jundrov Jezdci"]
[WhiteTeamCountry "CZE"]
[BlackTeamCountry "CZE"]

1. c4 c6 2. b3 d5 3. Bb2 Bf5 4. Nf3 e6 5. d3 Nf6 6. Nbd2 Nbd7 7. g3 Bd6 8. Bg2 0-0 9. 0-0 Qe7 10. Qc1 Bg6 11. Re1 e5 12. Nh4 d4 13. Nxg6 hxg6 14. h3 Nh5 15. e3 dxe3 16. Rxe3 f6 17. d4 Qd8 18. Qc2 exd4 19. Bxd4 f5 20. Rd3 Qc7 21. c5 Be5 22. Qc4+ Kh7 23. Nf3 Rf6 24. Ng5+ Kh8 25. Rad1 Bxd4 26. Qxd4 Ne5 27. Qd8+ Qxd8 28. Rxd8+ Rf8 29. Rxa8 Rxa8 30. f4 1-0

[Event "SRB-chT3 Liga West CS"]
[Site "Serbia"]
[Date "2011.09.11"]
[Round "1"]
[White "Kardzovic, Dragan"]
[Black "Cvetkovic, Dalibor"]
[Result "0-1"]
[WhiteElo "2060"]
[BlackElo "2103"]
[PlyCount "104"]
[EventDate "2011.09.11"]
[EventType "team-tourn"]
[EventRounds "11"]
[EventCountry "SRB"]
[SourceTitle "EXT 2015"]
[Source "ChessBase"]
[SourceDate "2014.11.20"]
[SourceVersion "1"]
[SourceVersionDate "2014.11.20"]
[SourceQuality "1"]

1. e4 c5 2. Nf3 Nc6 3. d4 cxd4 4. Nxd4 e6 5. Nxc6 bxc6 6. Bd3 Nf6 7. 0-0 d5 8. exd5 cxd5 9. c4 Be7 10. cxd5 Nxd5 11. Bb5+ Bd7 12. Bxd7+ Qxd7 13. Nc3 Nxc3 14. Qxd7+ Kxd7 15. bxc3 Rhc8 16. Bd2 Bf6 17. Rfc1 Rab8 18. Rc2 Rb7 19. Kf1 Rbc7 20. Rac1 Rc4 21. Ke2 Bd4 22. Be3 Bxe3 23. Kxe3 e5 24. f3 Ke6 25. g3 f5 26. Ke2 R8c7 27. Kd2 Rb7 28. Kd3 Kd5 29. Rd1 g5 30. Ke2+ Ke6 31. Rd8 g4 32. Re8+ Re7 33. Rb8 Rec7 34. Rb3 h5 35. Ra3 Kf6 36. Ra6+ Kg5 37. Ra3 h4 38. Kf2 Rd7 39. Re2 Rc5 40. fxg4 hxg3+ 41. hxg3 Kxg4 42. Ra4+ e4 43. Ra6 Rxc3 44. Rg6+ Kh5 45. Rg8 Kh6 46. Ke1 Rg7 47. Rxg7 Kxg7 48. g4 e3 49. Rb2 f4 50. Ke2 Rc1 51. Rb4 Rc2+ 52. Kf3 Rf2+ 0-1